| 000 | 00791nam a2200229 a 4500 | ||
|---|---|---|---|
| 005 | 20240925064224.0 | ||
| 008 | 991125s1990 mx 000 0 spa u | ||
| 020 | _a9688530050 | ||
| 035 | _aUPN01000041120 | ||
| 049 | _aCG | ||
| 050 | 4 |
_aBF721 _bG4.58a |
|
| 100 | 1 |
_aGesell, Arnold Lucius, _d1880-1961 _928379 |
|
| 245 | 1 | 3 |
_aEl niño de 11 y 12 años / _cArnold Gessell ; colab. Frances L. Ilg, Louise Bates Ames ; comp. Jaime Bernstein ; tr. Eduardo Loedel. |
| 260 |
_aMéxico : _bPaidós, _c1990. |
||
| 300 | _a126 p. | ||
| 440 | 0 |
_aPaidós educador ; _v27 |
|
| 650 | 4 |
_aNiño, Estudio del _9221 |
|
| 700 | 1 |
_aIlg, Frances Lillian, _d1902-1981 _ecolab. _928559 |
|
| 700 | 1 |
_aAmes, Louise Bates, _d1908-1996 _ecolab. _928718 |
|
| 700 | 1 |
_aBernstein, Jaime, _ecomp. _937324 |
|
| 905 | _aLibro | ||
| 999 |
_c41120 _d41120 |
||